Blíži sa čas príchodu jednotnej európskej meny
Rozhovor časopisu Cash s finančným expertom M. Allespeckom o devízovom vývoji a príčinách silného poklesu amerického dolára. Riziká ohrozenia likvidity bánk vyplývajúce z menšieho počtu investorov. Vplyv intervencií centrálnej banky na podporu kurzu dolára. Prognózy na začiatok roku 1996. Nevyhnutno...
Na minha lista:
| Autor principal: | |
|---|---|
| Formato: | Capítulo de Livro |
| Idioma: | eslovaco |
| Assuntos: | |
| Tags: |
Sem tags, seja o primeiro a adicionar uma tag!
|
MARC
| LEADER | 00000naa a2200000 4500 | ||
|---|---|---|---|
| 001 | r019651 | ||
| 005 | 20251104124004.4 | ||
| 041 | 0 | |a slo | |
| 044 | |a SK | ||
| 245 | 1 | 0 | |a Blíži sa čas príchodu jednotnej európskej meny |c D. Dubach |
| 520 | |a Rozhovor časopisu Cash s finančným expertom M. Allespeckom o devízovom vývoji a príčinách silného poklesu amerického dolára. Riziká ohrozenia likvidity bánk vyplývajúce z menšieho počtu investorov. Vplyv intervencií centrálnej banky na podporu kurzu dolára. Prognózy na začiatok roku 1996. Nevyhnutnosť zavedenia Európskeho menového systému. Výhoda francúzskeho franku pred tradičnou menou euromenového systému - nemeckou markou. Perspektívy vývoja švajčiarskeho franku. | ||
| 610 | 2 | 0 | |a ECU |
| 610 | 2 | 0 | |a politika devízová |
| 610 | 2 | 0 | |a likvidita |
| 610 | 2 | 0 | |a banky |
| 610 | 2 | 0 | |a dolár |
| 610 | 2 | 0 | |a marka |
| 610 | 2 | 0 | |a Nemecko |
| 610 | 2 | 0 | |a intervencie |
| 610 | 2 | 0 | |a kurz devízový |
| 610 | 2 | 0 | |a frank |
| 610 | 2 | 0 | |a Francúzsko |
| 610 | 2 | 0 | |a Švajčiarsko |
| 610 | 2 | 0 | |a euromena |
| 100 | 1 | |a Dubach, D. | |